The shellcoder's handbook : (Record no. 36823)

MARC details
000 -LEADER
fixed length control field 00487nam a22001697a 4500
005 - DATE AND TIME OF LATEST TRANSACTION
control field 20250123142050.0
008 - FIXED-LENGTH DATA ELEMENTS--GENERAL INFORMATION
fixed length control field 250123b |||||||| |||| 00| 0 eng d
020 ## - INTERNATIONAL STANDARD BOOK NUMBER
ISBN 9780470080238
082 ## - DEWEY DECIMAL CLASSIFICATION NUMBER
Classification number 005.8
Item number ANL-S
100 ## - MAIN ENTRY--AUTHOR
Author Name Anley Chris
245 ## - TITLE STATEMENT
Title The shellcoder's handbook :
Remainder of title Discovering and exploiting security holes /
Statement of responsibility, etc. Chris Anley
260 ## - PUBLICATION, DISTRIBUTION, ETC.
Place of Publication USA:
Name of publisher, distributor, etc. Wiley;
Date of publication, distribution, etc. 2007.
300 ## - PHYSICAL DESCRIPTION
Pages xix, 718 p. :
500 ## - GENERAL NOTE
General note include index.
650 ## - SUBJECT ADDED ENTRY--TOPICAL TERM
Subject / Department Security
300 ## - PHYSICAL DESCRIPTION
-- ill;
-- 24 cm.
952 ## - LOCATION AND ITEM INFORMATION (KOHA)
-- 0
-- 0
952 ## - LOCATION AND ITEM INFORMATION (KOHA)
-- 0
-- 0
Holdings
Lost status Damaged status Collection code Permanent Location Current Location Shelving Location Date acquired Full Call Number Accession No./Barcode Date last seen Copy number item type Koha item type
    CS/IT Superior Information Resource Center (SIRC) Superior University- Gold Campus Superior Information Resource Center (SIRC) Superior University- Gold Campus Security 01/23/2025 005.8 ANL-S 2007 19322 03/21/2025 1 Thesis & Dissertation Thesis & Dissertation
    CS/IT Superior Information Resource Center (SIRC) Superior University- Gold Campus Superior Information Resource Center (SIRC) Superior University- Gold Campus Security 01/23/2025 005.8 ANL-S 2007 19360 01/23/2025 2 Thesis & Dissertation Thesis & Dissertation

Powered by Koha